000 01965nam0a2200469 4500
001 RU\NLR\bibl\1396687
005 20250615202803.0
010 _a978-5-9704-1106-3
_92000
021 _aRU
_b2009-41637
_92531
035 _a(nilc)EL/0000273105
035 _a1VIL\RUSMED\0000142643
035 _a(NLR Aleph) 001388708
090 _a1148190
_c1148190
100 _a20090521d2009 |||y0rusy50 ca
101 0 _arus
102 _aRU
105 _aa j |||||
200 1 _aМедицинское и фармацевтическое товароведение
_eучебник для студентов, обучающихся по специальностям 040500 - "Фармация", 040600 - "Сестринское дело"
_fО. А. Васнецова
205 _a2-е изд., испр. и доп.
210 _aМосква
_cГЭОТАР-Медиа
_d2009
215 _a607 с.
_cил.
_d22
320 _aБиблиогр.: с. 606-607 (40 назв.)
606 1 _aМедицинское товароведение
_jУчебники для высших учебных заведений
_91543866
_3RU\NLR\auth\66673615
606 1 _aЭКОНОМИКА МЕДИЦИНСКАЯ
_jучебники
_2rus_mesh
_3R4577
606 1 _aECONOMICS, MEDICAL
_2rus_mesh
_3E4577
606 1 _aЭКОНОМИКА ФАРМАЦЕВТИЧЕСКАЯ
_jучебники
_2rus_mesh
_3R35140
606 1 _aECONOMICS, PHARMACEUTICAL
_2rus_mesh
_3E35140
686 _a76.75.75
_2rugasnti
686 _a76.01.33
_2rugasnti
686 _aN03.219.300
_v2009
_2MESH
686 _aN03.219.390
_v2009
_2MESH
686 _aЛ66-9я73-1
686 _aК761я73-1
686 _aР.с3я73-1
700 1 _aВаснецова
_bО. А.
_gОльга Алексеевна
_4070
801 0 _aRU
_bЦНМБ
_c20090521
_gPSBO
801 1 _aRU
_bЦНМБ
_c20090521
801 2 _aRU
_bNLR
_c20090731
_grcr
830 _aавт. по кн.
942 _cBOOK
980 _aNB